00618nam a22001697a 450000500170000001000130001702000260003003500110005603700160006708200110008310000340009424500950012824600760022326000490029927000770034830000230042520191202125657.0 aUR-10644 c200.00a9789389002256 aU-9199 bDBAD/PUBa- a844.08 aبٹ فر د و س ا حمد  aعظيم ر ا ہی بحثيت ا فسا نچہ نگا ر cبٹ فر د و س ا حمد  bDr. Azeem Rahi:Bahaisiyat Afsancha Nigar (Urdu)aby Firdous Ahmad Bhat aDelhibEducational Publishing Housec2019 ء a3191,Vakil Street, Kucha Pandit,Lal Kuan,bDelhie110006k01123216162l- a144 ص c22 Cm(Hb)